000 00441nam a2200181Ia 4500
003 OSt
005 20230608161916.0
008 210423s2005 xx 000 0 und d
040 _cAL
082 _a616.89 SHAA
_223
100 _aSHARMA (Rachana).
_9122911
245 _aAbnormal psychology.
260 _aUSA
_bBlackwell Publications
_c2005
365 _b695
_cINR
440 _v2
906 _aAbnormal ; psychology.
942 _2ddc
_cBK
999 _c174101
_d174101